000 00539nam a2200193Ia 4500
003 GCL
008 140319s9999 xx 000 0 eng d
040 _aGCL /
_cGCL
082 0 4 _a006.6
_bS I
100 1 _aSURET-CANALE, MICHEL
245 1 0 _aL'INDISPENSABLE POUR ADOBE PHOTOSHOP 205 SOUS WINDOWS /
_cSURET-CANALE, MICHEL
260 _a[S.N] :
_bMARABOUT UNIVERSITE ،
_c1995
300 _a338 P
490 _aMARABOUT
_v0
650 0 4 _aCOMPUTER SOFTWARE
650 0 4 _aWINDOWS
650 0 4 _aCOMPUTER - PROGRAMMERS
942 _2ddc
_cBK
999 _c22609
_d22609